000 00455nam a22001697a 4500
005 20260129114750.0
008 160702b xxu||||| |||| 00| 0 eng d
020 _a81-315-0086-5
041 _aeng
082 _b20891
_a005.133
100 _aPanitkar, Shibi and kumar, Sanjeev
_93451
245 _aMAGIC OF C # WITH NET FRAME WORK
260 _bFirewall Media
_abangalore
_c20892
300 _a909
650 _aInformation Technolocy
_93446
942 _cBK
999 _c5153
_d5151